Inteligentná sieť - Smart Grid

Guardado en:
Detalles Bibliográficos
Autor principal: Plevka, Peter (Autor)
Otros Autores: Volčko, Vladimír (Orientador)
Formato: Manuscrito Libro
Lenguaje:eslovaco
Publicado: 2015
Materias:
Acceso en línea:http://is.stuba.sk/zp/portal_zp.pl?podrobnosti=96921
Etiquetas: Agregar Etiqueta
Sin Etiquetas, Sea el primero en etiquetar este registro!

MARC

LEADER 00000ntm a22000003a 4500
001 stuzp49373
003 SK-STU
005 20160719153243.9
007 ta
008 150427s2015----xo-----f-mn---000-0-slo-d
040 |a STU  |b slo 
041 0 |a slo 
100 1 |a Plevka, Peter  |u 032000  |4 aut  |U FEI Fakulta elektrotechniky a informatiky  |T FEI Ústav elektroenergetiky a aplikovanej elektrotechniky  |X 47640  |U E020  |Y 548  |7 47640 
242 0 1 |a Inteligentrná sieť - Smart Grid  |y eng 
245 1 0 |a Inteligentná sieť - Smart Grid 
260 |c 2015 
300 |a 51 s. 
650 4 |a sústava  |2 slo 
650 4 |a obojsmerná komunikácia  |2 slo 
650 4 |a OZE  |2 slo 
650 4 |a inteligentná  |2 slo 
650 4 |a akumulácia  |2 slo 
650 4 |a system  |2 eng 
650 4 |a intelligent  |2 eng 
650 4 |a renewable energy  |2 eng 
650 4 |a storage  |2 eng 
650 4 |a two-way communication  |2 eng 
700 1 |a Volčko, Vladimír  |4 ths  |X 50701  |7 A000050701 
856 4 |u http://is.stuba.sk/zp/portal_zp.pl?podrobnosti=96921 
996 |b 284ER01752  |c E*Bc- 1752  |l EE32  |s P  |a 0  |w stuzp49373_0001 
SQL |a stuzp49373  |b DBP  |c SLO  |d Inteligentná sieť - Smart Grid  |e 47640  |f Plevka, Peter  |g 032000  |h 50701  |i Volčko, Vladimír  |j 20150709  |k 76  |l 03  |m http://is.stuba.sk/zp/portal_zp.pl?podrobnosti=96921  |n B-ELT  |o 5.2.9. elektrotechnika